[Event "CZE-tht Extraliga 2018-19"]
[Site "Czech Republic"]
[Date "2018.11.03"]
[Round "1"]
[White "Kanovsky, David"]
[Black "Svoboda, Svatopluk"]
[Result "1-0"]
[WhiteElo "2414"]
[BlackElo "2438"]
[Annotator "TA"]
[PlyCount "129"]
[EventDate "2018.11.03"]
[EventType "team-tourn"]
[EventCountry "CZE"]
[SourceTitle "playchess.com"]
[Source "ChessBase"]
[SourceQuality "1"]
[WhiteTeam "SK Slavoj Poruba"]
[BlackTeam "Siesta Solution Unichess A"]

{[%evp 15,129,41,41,28,54,53,91,99,96,53,60,55,59,47,104,102,85,97,148,119,131,89,80,49,43,28,166,168,175,187,178,169,178,0,0,-7,138,127,202,208,256,250,310,157,163,58,64,71,140,133,144,77,141,118,121,45,93,48,50,51,52,52,95,95,95,95,95,0,88,85,294,275,268,156,255,244,252,-198,254,250,292,280,282,257,308,268,259,239,305,243,309,227,310,308,291,273,262,236,382,382,437,452,369,432,452,443,430,445,416,397,369,375,364,335,1250,1191]} 1. c4 c5 2. Nc3 Nc6 3. g3 g6 4. Bg2 Bg7 5. a3 d6 6. Rb1 Bf5 7. d3 {A36: Symmetrical English vs ...g6: 4 Bg2 Bg7} Qd7 8. Bd2 Nf6 {LiveBook: 3 Games} (8... h5 9. h3 Nf6 10. b4 O-O 11. e4 Be6 12. Nge2 Ne8 13. Be3 b6 14. Qd2 Nc7 {½-½ (89) Vocaturo,D (2607)-Tari,A (2578) Heraklio 2017}) 9. b4 {[%cal Bb2b4,Bb4b5][%mdl 32] White is slightly better.} Rc8 10. b5 $146 ({Predecessor:} 10. h4 b6 11. Nh3 Qc7 12. Nf4 h5 13. O-O O-O 14. Re1 e5 {1-0 (56) Loew,G (2251)-Simon,A (2069) Bad Wiessee 2016}) 10... Nd8 11. e4 Be6 12. Nd5 Bxd5 13. exd5 e6 14. Bh3 Qe7 (14... O-O $14) 15. Ne2 $16 Ra8 16. O-O exd5 (16... O-O $142) 17. Re1 O-O 18. Nc3 Qc7 19. cxd5 b6 20. Qf3 Nb7 (20... Nd7 $11) 21. Bg5 $1 $36 {[%cal Rg5f6][%mdl 2048] White is in control.} Nd7 22. Re7 f5 23. Qe2 $1 {[%cal Re2e6]} Nd8 24. Ne4 $2 (24. g4 $1 $18) 24... Rf7 $1 $11 {[%cal Rf7e7] ...Rxe7 is the strong threat.} 25. Nd2 Bf8 (25... Rxe7 $11 {remains equal.} 26. Qxe7 Nf7) 26. Re6 $16 Ne5 {[#]} (26... Bg7 $16) 27. f4 $1 $18 {[%cal Rf4e5]} Nd7 28. Nc4 Nb7 29. Bg2 ({Better is} 29. g4 $18) 29... Na5 $16 30. Nd2 (30. h4 $18) 30... c4 $1 $14 31. dxc4 Rc8 (31... Qc5+ $142 32. Qe3 Qxe3+ 33. Rxe3 Bg7) 32. Kh1 Qc5 {[#]} 33. Qd3 (33. h4 $142 $1) 33... Bg7 (33... Qf2 $142) 34. Be7 Nb7 35. Nf3 (35. Rbe1 $16) 35... Qc7 {Hoping for ...Ndc5.} 36. Ng5 {Strongly threatening Qe3.} Ndc5 $1 {[%cal Rc5d3]} 37. Qe2 Nxe6 38. Qxe6 Qxe7 39. Nxf7 Re8 40. Nh6+ Kh8 41. Nf7+ Kg8 42. Re1 Kf8 $2 (42... Bf6 $16 {keeps fighting.}) 43. Ng5 $18 {[%cal Rg5h7]} Qxe6 44. dxe6 ({Weaker is} 44. Rxe6 h6 $14) (44. Nxh7+ $18 Kg8 45. Rxe6 (45. dxe6 Na5 $16) 45... Rxe6 46. dxe6) 44... Nc5 (44... Na5 $16 45. Bd5 (45. Nxh7+ Ke7 $16) 45... Ke7) 45. Bc6 ({Don't play} 45. Nxh7+ $6 Ke7 $16) 45... Re7 46. Nxh7+ Kg8 47. Ng5 Bf8 48. Bd5 Kg7 49. Kg2 Rc7 50. Nf7 Be7 51. Kf3 Rc8 52. h4 Kf6 53. Ng5 Re8 54. Rh1 Rh8 55. a4 Nb3 56. Kg2 Kg7 (56... Re8 {was worth a try.} 57. Nf3 Kg7) 57. Nf7 Rh7 58. Rb1 Nc5 59. Ra1 Nb3 60. Ra3 Na5 61. Rd3 Kf6 62. Kf3 Rh5 63. Re3 Rh7 64. Kg2 Rg7 $2 (64... Kg7 65. Rd3 Bf8) 65. Nh6 {Precision: White = 68%, Black = 36%.} 1-0

[Event "CZE-tht Extraliga 2018-19"]
[Site "Czech Republic"]
[Date "2018.11.03"]
[Round "1"]
[White "Vlasak, Lukas"]
[Black "Chytilek, Roman"]
[Result "1-0"]
[WhiteElo "2399"]
[BlackElo "2334"]
[Annotator "TA"]
[PlyCount "89"]
[EventDate "2018.11.03"]
[EventType "team-tourn"]
[EventCountry "CZE"]
[SourceTitle "playchess.com"]
[Source "ChessBase"]
[SourceQuality "1"]
[WhiteTeam "SK ZIKUDA Turnov"]
[BlackTeam "SK DURAS BVK Kralovo Pole"]

{[%evp 20,89,16,0,53,45,50,4,10,-1,50,60,44,0,44,-13,55,76,70,80,183,149,288,259,309,297,354,322,531,542,854,825,786,297,280,261,271,267,307,310,334,333,334,333,382,334,334,334,334,334,330,329,327,317,469,469,460,465,446,463,448,408,459,443,526,460,666,511,575,568,1936,2206]} 1. d4 Nf6 2. Nf3 d5 3. Bf4 e6 4. e3 c5 5. c3 Nc6 6. Nbd2 cxd4 7. exd4 {D02: 1 d4 d5 2 Nf3 sidelines, including 2...Nf6 3 g3 and 2...Nf6 3 Bf4} Nh5 8. Be3 Bd6 9. Ne5 (9. Bd3 Nf4 10. Bxf4 Bxf4 11. g3 Bd6 12. O-O O-O 13. Re1 Bd7 14. h4 h6 {1-0 (44) Caruana,F (2822)-Aronian,L (2767) chess.com INT 2018}) 9... g6 10. g4 Ng7 11. h4 {LiveBook: 12 Games} f6 (11... h5 $11) 12. Nxc6 $14 bxc6 13. h5 gxh5 $1 14. Bd3 $146 ({Predecessor:} 14. gxh5 Nf5 {½-½ (41) Gaede,D (2298)-Buhmann,R (2581) Dresden 2018}) 14... e5 ({Black should play} 14... Rb8 $1 $11) 15. dxe5 ({Reject} 15. gxh5 Nf5 $15) 15... fxe5 16. gxh5 Bf5 17. Bc2 (17. h6 $14 Bxd3 18. hxg7) 17... Qf6 ({Black should try} 17... O-O $11) 18. Rg1 $1 $36 {[%mdl 2048] White is on the roll.} Bxc2 19. Qxc2 Nxh5 (19... Ne6 $16 {was called for.}) 20. Qa4 $18 Kf7 (20... Be7 $16 {was worth a try.}) 21. Qxc6 Qe6 22. Nf3 h6 23. O-O-O Nf6 $2 (23... Rac8 24. Qxd5 Qxd5 25. Rxd5 Ke6) 24. Qb7+ Qe7 {[#]} 25. Nxe5+ $1 {[%mdl 512]} Ke6 (25... Bxe5 26. Rg7+) 26. Qxe7+ $2 (26. Qa6) 26... Bxe7 27. Ng6 Rh7 28. Rde1 Kd7 29. Nxe7 Rxe7 30. Rg6 ({Don't do} 30. Bxh6 Rxe1+ 31. Rxe1 Ng4 $18) 30... Re6 31. Rxh6 Rae8 32. Rd1 a6 33. Bg5 Ne4 34. Rxd5+ Kc6 35. Rxe6+ Rxe6 {[%mdl 4096] Endgame KRB-KRN} 36. Rf5 Rg6 (36... Nxg5 $142 37. Rxg5 Rf6) 37. Be3 Nd6 38. Rg5 Rf6 39. Kc2 Ne4 40. Rg2 Kd5 41. Rh2 {White is clearly winning.} Rf5 42. Kd3 {[#] Strongly threatening c4+.} Nf6 (42... Nc5+ $142 43. Ke2 Ne6) 43. Rg2 Nd7 44. f4 Rh5 45. Rg6 {Precision: White = 72%, Black = 19%.} 1-0

[Event "CZE-tht Extraliga 2018-19"]
[Site "Czech Republic"]
[Date "2018.11.03"]
[Round "1"]
[White "Langner, Ladislav"]
[Black "Vrbata, Zbynek"]
[Result "0-1"]
[WhiteElo "2397"]
[BlackElo "2339"]
[Annotator "TA"]
[PlyCount "114"]
[EventDate "2018.11.03"]
[EventType "team-tourn"]
[EventCountry "CZE"]
[SourceTitle "playchess.com"]
[Source "ChessBase"]
[SourceQuality "1"]
[WhiteTeam "Slavoj Cesky Tesín"]
[BlackTeam "Siesta Solution Unichess B"]

{[%evp 24,114,-6,-10,0,0,0,-10,0,0,0,0,0,0,0,-8,0,0,-7,-6,-7,-6,0,-11,0,0,0,0,0,-21,-32,-95,-52,-89,-85,-80,-56,-54,-27,-204,-211,-252,-143,-159,-75,-71,-64,-69,0,-50,-50,-50,-50,-92,54,-243,43,0,0,-57,-7,-73,-52,-52,-50,-50,-50,-50,0,0,0,0,0,0,0,-23,0,-9,0,-37,-19,-61,-79,-304,-113,-830,-829,-5410,-5406,-5402,-5402,-5397,-5273]} 1. e4 e6 2. d4 d5 3. e5 c5 4. c3 Nc6 5. Nf3 Qb6 6. Be2 cxd4 7. cxd4 Nh6 8. Nc3 Nf5 9. Na4 Qa5+ 10. Bd2 Bb4 11. Bc3 Bxc3+ 12. Nxc3 Qb6 13. Bb5 {LiveBook: 8 Games. C02: French: Advance Variation} (13. Kf1 Qxb2 14. Nb5 O-O 15. g4 Nfe7 16. a3 Bd7 17. Rb1 Qa2 18. Qc1 {1-0 (18) Inkiov,V (2460)-Jianu,V (2563) Alba Iulia 2016}) 13... O-O {[%cal Rc6d4]} 14. Bxc6 $1 {[#] Black must now prevent Bb5.} Qxc6 15. O-O {The position is equal.} Bd7 $146 ({Predecessor:} 15... b6 16. Qd2 Ba6 17. Rfe1 Rac8 18. Rac1 Qd7 19. Qf4 Rc7 20. Nh4 Nxh4 21. Qxh4 {½-½ (36) Notarnicola,G (1365)-D'Aragona,V (1410) IECC email 2008}) 16. Qd2 Rac8 17. h4 Qb6 18. Rfd1 Rc4 19. Rac1 Rfc8 20. b3 R4c7 {Black wants to play ...Qa5.} 21. Rc2 Qb4 {[%cal Rc7c3]} 22. Rdc1 a5 23. Qd3 h6 24. g4 Ne7 25. Kg2 a4 26. Nd2 axb3 27. Nxb3 (27. axb3 $15 h5 28. gxh5) 27... b6 28. h5 Rc4 29. Qd2 Kf8 30. Ne2 Qa4 31. Rxc4 $2 (31. Rb2 $11) 31... dxc4 $19 32. Na1 {[%cal Bb3a1,Ba1c2,Bc2b4][%mdl 32]} Ra8 ({Black should play} 32... Nd5 $19 33. g5 hxg5 34. Qxg5 Qxa2) 33. Nc3 $17 Qc6+ (33... Bc6+ $142 34. Kg3 Qa5) 34. f3 b5 35. Nc2 Rd8 (35... Qa6 $15) 36. Nb4 Qa8 37. Ne4 Bc6 38. Nd6 {Threatening Qf4.} Nc8 (38... Bxf3+ $17 39. Kg3 Bd5) 39. Nxc8 $2 {[%mdl 8192]} (39. Nxc6 $14 Qxc6 40. Qa5) 39... Qxc8 $2 ({Black should try} 39... Bxf3+ $19 40. Kg3 Rxc8) 40. Nxc6 Qxc6 $14 {[%mdl 4096] Endgame [#] KQR-KQR} 41. Qb4+ ({Better is} 41. a4 $1 $11 {[%mdl 512]} Kg8 (41... bxa4 42. Qb4+) 42. axb5 Qxb5 43. Qc3) 41... Kg8 (41... Ke8 $5 {[%cal Rd8d4]} 42. Qb2 Rc8 $15) 42. Rd1 (42. a4 $1 $11 Rxd4 43. Qxb5) 42... Ra8 43. a3 Qd5 44. Qc3 Ra4 45. Rb1 Qc6 46. Qb2 Ra5 47. Qb4 Qa8 48. Ra1 Qa7 49. Ra2 Qc7 50. Rb2 Qa7 51. Ra2 Qb6 $36 {[%mdl 2048] Black is pushing.} 52. Qe7 Ra8 {Threatens to win with ...b4.} 53. Rb2 $2 (53. Qb4 $17) 53... c3 $2 (53... Qxd4 $19 54. Qb4 Qxe5 55. Qxb5 Qf4) 54. Rb3 $2 {[%mdl 8192]} (54. Rc2 $17) 54... Qxd4 $19 {Hoping for ...c2.Black is clearly winning.} 55. Rxb5 c2 56. Rb7 Rf8 57. Rc7 Qd2+ {Precision: White = 39%, Black = 33%.} 0-1

[Event "CZE-tht Extraliga 2018-19"]
[Site "Czech Republic"]
[Date "2018.11.03"]
[Round "1"]
[White "Bures, Jaroslav"]
[Black "Rydl, jiri"]
[Result "1-0"]
[WhiteElo "2396"]
[BlackElo "2420"]
[Annotator "TA"]
[PlyCount "45"]
[EventDate "2018.11.03"]
[EventType "team-tourn"]
[EventCountry "CZE"]
[SourceTitle "playchess.com"]
[Source "ChessBase"]
[SourceQuality "1"]
[WhiteTeam "SK Slavoj Poruba"]
[BlackTeam "Siesta Solution Unichess A"]

{[%evp 25,45,36,28,20,37,9,75,64,62,50,72,43,298,285,275,164,168,181,356,303,740,747]} 1. d4 e6 2. c4 Nf6 3. Nc3 Bb4 4. e3 O-O 5. Bd3 d5 6. a3 Bxc3+ 7. bxc3 c5 8. cxd5 exd5 9. Ne2 b6 10. O-O Ba6 11. f3 Bxd3 12. Qxd3 Nbd7 13. Ng3 Re8 14. Ra2 {E49: Nimzo-Indian: Rubinstein: 5 Bd3 d5 6 a3 Bxc3+ 7 bxc3} (14. Bb2 Rc8 15. Rae1 Qc7 16. Rf2 cxd4 17. cxd4 Qc4 18. Qd1 Qc6 19. Rfe2 h5 20. e4 g6 21. e5 Nh7 {½-½ (30) Potkin,V (2597)-Alekseev,E (2632) Tallinn 2016}) 14... Rc8 15. Re2 Rc6 (15... cxd4 $11 16. cxd4 Rc7) 16. e4 $16 {White is better.} cxd4 17. cxd4 {[#] Black must now prevent e5.} dxe4 $1 18. fxe4 {[%cal Bf3e4,Be4e5,Be5f6][%mdl 32] Strongly threatening Qf3.} h6 $146 {[%mdl 8192]} (18... Ne5 $1 $14 19. Qd1 Rxc1 20. Qxc1 Qxd4+ 21. Kh1 Qc4) ({Predecessor:} 18... Ne5 19. Qd1 Ng6 20. Bb2 Rc4 21. Qb3 Qc7 {½-½ (34) York,F-Wygle,S Philadelphia 1991}) 19. Qf3 Qc8 20. Be3 (20. Bd2 $142) 20... Rce6 $18 21. e5 Qc3 $2 {[#]} (21... Nxe5 22. dxe5 Rxe5) 22. exf6 Rxe3 $2 (22... Rxf6 23. Nf5 Qd3) 23. Nf5 $1 {[%csl LRe3,LRg7]} 1-0

[Event "CZE-tht Extraliga 2018-19"]
[Site "Czech Republic"]
[Date "2018.11.03"]
[Round "1"]
[White "Straka, Vojtech"]
[Black "Jurcik, Martin"]
[Result "1/2-1/2"]
[WhiteElo "2393"]
[BlackElo "2331"]
[Annotator "TA"]
[PlyCount "52"]
[EventDate "2018.11.03"]
[EventType "team-tourn"]
[EventCountry "CZE"]
[SourceTitle "playchess.com"]
[Source "ChessBase"]
[SourceQuality "1"]
[WhiteTeam "Slavoj Cesky Tesín"]
[BlackTeam "Siesta Solution Unichess B"]

{[%evp 16,52,24,-3,2,0,49,45,48,47,47,47,28,39,41,41,68,46,50,45,40,29,47,0,0,-5,-18,-9,-3,-6,-2,-10,0,-8,0,-2,0,-17,0]} 1. c4 c6 2. d4 d5 3. cxd5 cxd5 4. Nc3 Nf6 5. Bf4 Nc6 6. e3 Bf5 7. Qb3 Na5 8. Bb5+ {D10: Slav Defence: 3 cxd5 (without early Nf3) and 3 Nc3} Bd7 9. Qd1 {LiveBook: 14 Games} Rc8 10. Bxd7+ Qxd7 11. Nf3 a6 $146 ({Predecessor:} 11... Nc4 12. Ne5 Nxe5 13. dxe5 Ne4 14. e6 fxe6 15. Nxe4 dxe4 {1-0 (56) Li,C (2720)-Salinas Herrera,P (2466) Doha 2016}) 12. Ne5 Qd8 $1 13. Qa4+ Nc6 $1 14. O-O e6 15. Rfc1 Qb6 16. Ne2 Be7 17. Rc2 O-O 18. Rac1 Na7 19. Nd7 Nxd7 {The position is equal.} 20. Qxd7 Rxc2 21. Rxc2 Qb4 {[%cal Rb4e1] [#]} 22. Nc3 Rd8 23. Qc7 Rc8 24. Qd7 Rd8 25. Qc7 Rc8 26. Qd7 Rd8 {Precision: White = 58%, Black = 59%.} 1/2-1/2

[Event "CZE-tht Extraliga 2018-19"]
[Site "Czech Republic"]
[Date "2018.11.03"]
[Round "1"]
[White "Rojicek, Vojtech"]
[Black "Rogozenco, Dorian"]
[Result "0-1"]
[WhiteElo "2387"]
[BlackElo "2495"]
[Annotator "TA"]
[PlyCount "34"]
[EventDate "2018.11.03"]
[EventType "team-tourn"]
[EventCountry "CZE"]
[SourceTitle "playchess.com"]
[Source "ChessBase"]
[SourceQuality "1"]
[WhiteTeam "Beskydska sachova skola"]
[BlackTeam "Vystaviste Lysa nad Labem"]

{[%evp 14,34,10,14,8,25,16,0,0,0,9,0,10,-390,-402,-389,-391,-400,-395,-395,-391,-407,-405]} 1. Nf3 d5 2. d4 Nf6 3. c4 c6 4. Nc3 dxc4 5. a4 e6 6. e3 c5 7. Bxc4 cxd4 {D16: Slav Defence: 5 a4: Lines with 5...Bg4 and 5...Na6} 8. Nxd4 {LiveBook: 6 Games} (8. exd4 Be7 9. O-O O-O 10. Qe2 Nc6 11. Rd1 Nb4 12. Ne5 b6 13. Qf3 Rb8 14. Qg3 Bb7 15. Bh6 {0-1 (41) Bosiocic,M (2600)-Yu,Y (2765) Batumi 2018}) 8... Bc5 (8... a6 {keeps more tension.} 9. O-O Bd7 10. e4 Qc7 11. Qe2 Bd6) 9. O-O O-O {White has an edge.} 10. Nf3 $146 ({Predecessor:} 10. Qe2 Nbd7 11. Rd1 Qe7 12. Nf3 b6 13. h3 Bb7 14. e4 Rfc8 15. Bd3 {½-½ (32) Lenic,L (2624)-Beliavsky,A (2603) Bled 2016}) 10... Nc6 {[%cal Bb8c6,Bc6d4,Bd4e2][%mdl 32]} 11. Qe2 Qc7 12. e4 Ng4 13. h3 $2 {[%mdl 8192]} (13. Nb5 $11 {and White is okay.} Qe7 14. Bf4) 13... Nd4 $19 {[#] ( -> ...Nxf3+). Black is winning.} 14. hxg4 {Strongly threatening Nxd4.} Nxe2+ 15. Bxe2 Bd7 16. Bd2 Bc6 17. Rfc1 Rfd8 0-1

[Event "CZE-tht Extraliga 2018-19"]
[Site "Czech Republic"]
[Date "2018.11.03"]
[Round "1"]
[White "Konopka, Michal"]
[Black "Molenda, Marcin"]
[Result "1/2-1/2"]
[WhiteElo "2367"]
[BlackElo "2378"]
[Annotator "TA"]
[PlyCount "162"]
[EventDate "2018.11.03"]
[EventType "team-tourn"]
[EventCountry "CZE"]
[SourceTitle "playchess.com"]
[Source "ChessBase"]
[SourceQuality "1"]
[WhiteTeam "Siesta Solution Unichess B"]
[BlackTeam "Slavoj Cesky Tesín"]

{[%evp 23,162,-50,-21,-29,-22,-22,-18,-38,-19,-31,0,0,0,0,0,0,0,0,16,22,18,0,6,5,12,2,55,43,45,37,100,98,117,106,109,0,116,110,118,106,126,131,126,117,162,176,235,217,226,227,275,260,297,289,297,299,296,295,295,272,322,289,275,275,275,275,289,275,275,267,238,133,129,105,224,137,250,247,256,256,247,209,227,227,227,227,227,161,169,168,164,0,227,223,252,212,295,182,166,0,311,302,281,212,203,183,183,22,31,11,14,0,0,0,0,0,0,0,19,0,0,0,0,0,0,0,0,0,0,0,0,0,0,0,0,0,0,0,0,0,0]} 1. d4 d5 2. Nf3 Nf6 3. c4 e6 4. g3 dxc4 5. Qa4+ Nbd7 6. Bg2 a6 7. Nc3 Be7 8. Qxc4 b5 {E02: Open Catalan: 5 Qa4+} 9. Qd3 Bb7 10. O-O c5 11. Bg5 (11. b3 O-O 12. Bb2 Rc8 13. Rfd1 Qa5 14. e4 cxd4 15. Nxd4 Nc5 16. Qe3 {0-1 (27) Fedoseev,V (2718)-Adly,A (2637) Riadh 2017}) 11... O-O 12. Rad1 h6 {LiveBook: 3 Games} (12... c4 {with more complications.} 13. Qc2 b4 14. Na4 Be4 15. Qxc4 Rc8) 13. Bxf6 $1 Nxf6 14. dxc5 Bxc5 15. Ne5 Bxg2 16. Kxg2 Qb6 $146 ({Predecessor:} 16... Qxd3 17. Rxd3 {½-½ (37) Laxman,R (2443)-Vignesh,N (2293) Kolkata 2013}) 17. Ne4 {Strongly threatening Nxf6+.} Qb7 18. f3 Nxe4 19. Qxe4 Qxe4 20. fxe4 Rfd8 (20... f6 {seems wilder.} 21. Nd7 Rfc8 22. e5 fxe5 23. Nxe5 Rc7) 21. Rxd8+ Rxd8 $11 {[%mdl 4096] Endgame KRB-KRN} 22. Nd3 Bd4 23. Rc1 a5 24. Kf3 f5 (24... Kf8 $11) 25. Rc6 Kf7 26. b3 fxe4+ (26... g5 $14) 27. Kxe4 $16 Bf6 28. Rc7+ Ke8 29. Rc6 (29. Rc5 $16) 29... Ke7 (29... Kf7 $1 $11 {keeps the balance.}) 30. e3 $1 Rd6 31. Rc7+ Rd7 32. Rc5 Rb7 33. Rc6 $1 Kd7 34. Ra6 {aiming for Nc5+.} Rc7 (34... Ke7 $142 35. Rxa5 b4) 35. Rxa5 $18 Rc2 36. h4 ({Don't do} 36. Rxb5 $6 Rxa2 37. Rb7+ Kc8 $16) 36... Kc7 37. Ra6 (37. Rxb5 Rxa2 38. Rc5+ Kd7 $16) 37... Kb7 38. Nb4 ({Not} 38. Rxe6 Rxa2 39. Nf4 Bb2 $16) 38... Rg2 39. Kf3 ({Less strong is} 39. Rxe6 Rxg3 40. Nd5 Bd8 $16) 39... Rd2 40. Rxe6 Bc3 41. a3 Rb2 42. Nd3 Ra2 43. a4 bxa4 44. bxa4 Kc7 45. Re4 {Rc4+ is the strong threat.} Kd6 46. Rc4 Bf6 47. e4 (47. h5 $18) 47... Ra3 $16 48. Ke3 Be5 (48... h5 $16 {was called for.}) 49. g4 Bf6 (49... g6 $16 {was necessary.} 50. Rc8 Bf6) 50. h5 $18 Ra1 51. Rb4 Ra3 52. Ke2 Ra2+ 53. Kf3 $1 Ra3 54. Ke3 $1 Kc6 55. Ke2 Ra2+ 56. Kf3 Ra3 {[#]} 57. Ke3 (57. Rc4+ $142 $1 Kd6 58. Ke2) 57... Kd6 $1 {[#]} 58. Rb6+ $1 Kc7 59. Ra6 Kb7 60. Re6 Kc7 61. Ra6 (61. e5 $142 Bg5+ 62. Ke4) 61... Kb7 62. Ra5 Kb6 63. Ra8 Kb7 64. Rg8 Kc6 65. Ke2 $2 ({Better is} 65. Rb8 $18) 65... Rxa4 $11 66. e5 Bg5 {The position is equal.} 67. Rxg7 Rxg4 68. Kf3 Rd4 69. Rg6+ Kb5 70. Nf2 {And now Ne4 would win.} Rh4 71. Ne4 Rh3+ 72. Ng3 Rh4 73. e6 Kc6 74. Ne4 Rxh5 75. Kg4 Rh4+ 76. Kf5 Kd5 {[%csl Gg5][%cal Rh4f4]} 77. Nxg5 hxg5 78. Kf6 Kd6 79. e7 Kd7 80. Rg8 Rf4+ 81. Kxg5 Re4 {Precision: White = 59%, Black = 52%.} 1/2-1/2

[Event "CZE-tht Extraliga 2018-19"]
[Site "Czech Republic"]
[Date "2018.11.03"]
[Round "1"]
[White "Wiewiora, Eneasz"]
[Black "Rehorek, Martin"]
[Result "1/2-1/2"]
[WhiteElo "2347"]
[BlackElo "2283"]
[Annotator "TA"]
[PlyCount "110"]
[EventDate "2018.11.03"]
[EventType "team-tourn"]
[EventCountry "CZE"]
[SourceTitle "playchess.com"]
[Source "ChessBase"]
[SourceQuality "1"]
[WhiteTeam "Slavoj Cesky Tesín"]
[BlackTeam "Siesta Solution Unichess B"]

{[%evp 23,110,76,89,78,79,67,149,136,176,100,257,242,245,236,219,249,243,245,493,472,455,147,127,73,148,160,187,157,137,150,217,185,239,101,163,177,163,77,84,58,125,50,50,9,73,82,84,74,28,28,197,21,25,25,21,21,21,22,28,28,28,28,28,34,26,25,28,23,28,26,30,23,16,22,9,0,0,0,0,0,0,0,0,0,0,0,8,8,0]} 1. e4 c5 2. c3 Nf6 3. e5 Nd5 4. d4 cxd4 5. Nf3 e6 6. cxd4 Nc6 7. Bd3 d6 8. O-O Be7 9. exd6 Qxd6 10. Nc3 Nxc3 11. bxc3 O-O 12. Re1 {B22: Sicilian: 2 c3} b6 {LiveBook: 6 Games} 13. Ng5 Bxg5 14. Bxg5 {White is better.} Bb7 (14... h6 $14) 15. Qh5 $1 $16 {[%csl Gd3][%cal Rh5h7]} g6 $146 ({Predecessor:} 15... f5 16. Re3 g6 17. Qh6 Nd8 18. Rh3 Rf7 19. Bf4 Qf8 {0-1 (42) Kajari,I (2245)-Nanu,C (2342) Gyula 2000}) 16. Qh6 (16. Qh4 $1 $18) 16... f5 $2 (16... f6 $16 {keeps fighting.}) 17. Bc4 $18 Rae8 18. Bf4 $1 {[%cal Rf4d6]} Qd7 19. Rxe6 $1 Rxe6 20. d5 $1 {[%cal Rd5e6] [#]} Ne7 $2 (20... Nd4 $1 {is a better defense.} 21. dxe6 (21. cxd4 Bxd5 22. Bxd5 Qxd5 $17) 21... Nxe6) 21. dxe6 Qc6 {[%csl Gb7][%cal Rc6g2] [#]} 22. Bf1 $2 (22. f3 $1 $18 {is the precise move to win.} Nd5 23. Be5 Qc5+ 24. Kh1) 22... Qxe6 $16 23. Be3 (23. Bd2 $142) 23... Nd5 (23... f4 $142 24. Bxf4 Qf7) 24. Bd4 {[%csl Gd4][%cal Rh6g7]} Nf6 25. f3 Bd5 26. Qh4 Kg7 (26... Qd6 $16 {might work better.} 27. a4 Nd7) 27. Re1 Qd7 (27... Qd6 $142 28. Bd3 h6) 28. Kh1 (28. a4 $18) 28... h6 (28... Bxa2 $16 29. Kg1 h6) 29. a4 $18 g5 {[#]} 30. Qf2 (30. Qh3 $1 $18 {is more deadly.}) 30... Kg6 $16 31. Qc2 Nh5 ({Black should try} 31... Re8 $14 32. Rd1 Qe6) 32. Bb5 ({Better is} 32. Qe2 $16) 32... Bc6 $14 33. Qe2 Nf4 (33... Bxb5 $11 34. axb5 Nf6) 34. Bxc6 $16 Qxc6 35. Qe7 Rf7 36. Qd8 Qd5 $2 (36... Ne6 $11 {and Black has nothing to worry.} 37. Qg8+ Ng7) 37. Qxd5 $2 ({White should play} 37. Qh8 $18) 37... Nxd5 $18 {[%mdl 4096] Endgame KRB-KRN} 38. Re6+ Kh7 $1 39. Rd6 Nf4 40. g3 Ne2 41. Be5 f4 42. Kg2 Re7 43. Rd5 Kg6 44. Kf2 fxg3+ 45. hxg3 Nc1 {aiming for ...Rxe5!} 46. f4 gxf4 {...Rxe5! is the strong threat.} 47. gxf4 Nb3 48. Kf3 {The position is equal.} Nc5 49. a5 Rd7 50. axb6 axb6 (50... Rxd5 $2 {is the wrong capture.} 51. bxa7 Rd3+ 52. Ke2 $18) 51. Rxd7 Nxd7 $11 {KB-KN} 52. Bc7 Kf5 53. c4 h5 54. Bd8 Ke6 55. Kg3 Kf5 {Precision: White = 53%, Black = 48%.} 1/2-1/2

[Event "CZE-tht Extraliga 2018-19"]
[Site "Czech Republic"]
[Date "2018.11.03"]
[Round "1"]
[White "Simek, Petr"]
[Black "Caletka, Radomir"]
[Result "1-0"]
[WhiteElo "2338"]
[BlackElo "2305"]
[Annotator "TA"]
[PlyCount "58"]
[EventDate "2018.11.03"]
[EventType "team-tourn"]
[EventCountry "CZE"]
[SourceTitle "playchess.com"]
[Source "ChessBase"]
[SourceQuality "1"]
[WhiteTeam "Siesta Solution Unichess A"]
[BlackTeam "SK Slavoj Poruba"]

{[%evp 19,58,94,72,62,115,109,183,66,65,64,45,60,56,60,47,33,77,86,73,75,77,81,83,78,125,127,194,157,188,179,199,182,341,230,525,510,891,888,871,864,1395]} 1. d4 d5 2. c4 c6 3. cxd5 cxd5 4. Nc3 Nc6 5. e4 dxe4 6. d5 Ne5 {D10: Slav Defence: 3 cxd5 (without early Nf3) and 3 Nc3} 7. Qa4+ (7. Qd4 Nd3+ 8. Bxd3 exd3 9. Nf3 Nf6 10. Bg5 Bf5 11. O-O h6 12. Bxf6 gxf6 13. Rfe1 Qb6 14. Qf4 Bd7 15. Ne4 Bg7 16. Nd6+ Kf8 17. Nxf7 Kxf7 18. Ne5+ Ke8 19. Nxd7 Kxd7 20. Qg4+ Kd8 21. Qxg7 Re8 22. Rad1 Qxb2 23. d6 Qd4 24. dxe7+ {1-0 (24) Jobava,B (2690)-Mchedlishvili,M (2603) Riadh 2017}) 7... Bd7 8. Qxe4 Ng6 9. Bc4 Nf6 10. Qe2 a6 {LiveBook: 5 Games} 11. Bb3 Qc7 ({Black should try} 11... b5 $14) 12. Nf3 $16 Bg4 $146 (12... Nf4 $16 13. Bxf4 Qxf4) ({Predecessor:} 12... Nf4 13. Bxf4 Qxf4 14. Ne5 {1-0 (41) Bjarnason,O (2262)-Guilbert,J (2009) Le Touquet 2008}) 13. h3 ({White should play} 13. O-O $18) 13... Bxf3 $1 $14 14. Qxf3 Nh4 15. Qg3 Qxg3 16. fxg3 {[%cal Bf2g3,Bg3g4][%mdl 32]} Nf5 17. O-O g6 18. g4 Nd6 19. Bf4 {[#] Threatens to win with Bxd6.} Bg7 20. Rae1 Kf8 21. Re2 $36 {[%mdl 2048] Black is under strong pressure.} Nd7 {[#]} 22. Rfe1 $1 {[%cal Bf1e1,Be1c1,Bc1c7][%mdl 32]} Nc8 (22... Bf6 $16 {keeps fighting.}) 23. Ne4 h6 24. Rc1 Bd4+ 25. Kh1 Nf6 $2 (25... b5 {is a better defense.} 26. d6 e5) 26. Rc7 {Hoping for d6.} b6 $2 (26... Bb6 {was necessary.}) 27. d6 $18 {[%cal Bd5d6,Bd6d7][%mdl 32] White is clearly winning.} e6 (27... Nxe4 $142 28. Rxe4 Bc5) 28. d7 Ne7 29. Rd2 e5 {Precision: White = 74%, Black = 30%.} 1-0